| 000 | 00421nam a2200169Ia 4500 | ||
|---|---|---|---|
| 005 | 20250923144514.0 | ||
| 008 | 008 250917s9999 xx 000 0 eng d | ||
| 037 | _aTextual | ||
| 040 |
_aDSWL _beng _cDSWL |
||
| 041 |
_aeng _2eng |
||
| 084 | _qDSWL | ||
| 245 | 0 |
_aIndia 1955 _cby Govt of India |
|
| 260 |
_aDelhi _bPublication Division _c1955 |
||
| 300 | _a673p. | ||
| 942 | _cTEXL | ||
| 999 |
_c1439772 _d1439772 |
||